Normal view MARC view
  • Discriminación en la educación superior

Entry Materia

Number of records used in: 2

001 - NÚMERO DE CONTROL DEL REGISTRO

  • campo de control: 47773

003 - IDENTIFICADOR DE NUMERO DE CONTROL

  • campo de control: UPN

005 - FECHA Y HORA DE LA ÚLTIMA TRANSACCIÓN

  • campo de control: 20230208171156.0

008 - DATOS DE LONGITUD FIJA

  • campo de control de longitud fija: 230208dn fnznnbabd a a|a d

040 ## - FUENTE DE LA CATALOGACIÓN

  • Centro catalogador de origen: MX-MxUPN
  • Agencia de modificación: MX-MxUPN

046 ## - FECHAS CON CODIFICACIÓN ESPECIAL

  • Fecha final para contenidos agregados: 2023

150 ## - ENCABEZAMIENTO - TEMÁTICO

  • Término de materia o nombre geográfico como elemento inicial: Discriminación en la educación superior
  • Subdivisión geográfica: México

450 ## - VÉASE - MATERIA

  • Encabezamiento temático: Discriminación en educación superior
  • Subdivisión geográfica: México

450 ## - VÉASE - MATERIA

  • Encabezamiento temático: Discriminación en universidades
  • Subdivisión geográfica: México

450 ## - VÉASE - MATERIA

  • Encabezamiento temático: Discriminación racial en educación superior
  • Subdivisión geográfica: México

450 ## - VÉASE - MATERIA

  • Encabezamiento temático: Educación superior
  • Subdivisión temática general: Discriminación racial
  • Subdivisión geográfica: México

450 ## - VÉASE - MATERIA

  • Encabezamiento temático: Universidades
  • Subdivisión temática general: Discriminación
  • Subdivisión geográfica: México

450 ## - VÉASE - MATERIA

  • Encabezamiento temático: Discriminación en la enseñanza superior
  • Subdivisión geográfica: México

450 ## - VÉASE - MATERIA

  • Encabezamiento temático: Discriminación racial en la enseñanza superior
  • Subdivisión geográfica: México

450 ## - VÉASE - MATERIA

  • Encabezamiento temático: Enseñanza superior
  • Subdivisión temática general: Segregación
  • Subdivisión geográfica: México

450 ## - VÉASE - MATERIA

  • Encabezamiento temático: Racismo en la educación superior
  • Subdivisión geográfica: México

670 ## - FUENTE EN LA QUE SE LOCALIZARON DATOS

  • Cita de la fuente: Autoridades LIBRUNAM, 08 febrero 2022:
  • Información localizada: (Discriminación en la educación superior)
  • Identificador Uniforme del Recurso: https://librunam.dgb.unam.mx:8443/F/MJTP4V8AX5I22CS3NE9PMLT4TQMJ1IM4N3S9JB48JF5N9XRGBH-00336?func=full-set-set&set_number=033922&set_entry=000006&format=999

670 ## - FUENTE EN LA QUE SE LOCALIZARON DATOS

  • Cita de la fuente: Autoridades BGTQ, 08 febrero 2022:
  • Información localizada: subdivisión geográfica (México)

902 ## - CATALOGADOR

  • Catalogador: VíctorGodínez/080223